[Event "Constantine Cirta op"]
[Site "Constantine"]
[Date "2017.10.20"]
[Round "2"]
[White "Aknouche, Amer"]
[Black "Benabdallah, Naim"]
[Result "1/2-1/2"]
[WhiteElo "2063"]
[BlackElo "1776"]
[PlyCount "150"]
[EventDate "2017.10.19"]
[EventType "swiss"]
[EventRounds "5"]
[EventCountry "ALG"]
[SourceTitle "CBM 181 Extra"]
[Source "ChessBase"]
[SourceDate "2017.12.12"]
[SourceVersion "1"]
[SourceVersionDate "2017.12.12"]
[SourceQuality "1"]

1. d4 Nf6 2. Nf3 g6 3. e3 Bg7 4. Bd3 d6 5. 0-0 Nbd7 6. Nbd2 c5 7. b3 cxd4 8. exd4 0-0 9. Bb2 Nd5 10. Re1 Nc5 11. Bf1 Bg4 12. h3 Bf5 13. Nc4 Na6 14. Ne3 Nxe3 15. fxe3 Nc5 16. Nd2 d5 17. Ba3 Ne4 18. Nxe4 Bxe4 19. Bd3 f5 20. Bxe4 fxe4 21. Qg4 Rf5 22. Rf1 e6 23. Qe2 Qa5 24. Rxf5 gxf5 25. Bd6 Qc3 26. Rf1 Rd8 27. Bf4 Rc8 28. Rf2 Rf8 29. Qb5 Qc6 30. a4 Rc8 31. Qe2 Qe8 32. g4 fxg4 33. Qxg4 Qg6 34. Kf1 Qxg4 35. hxg4 a6 36. Ke1 Kf7 37. Kd2 Kg6 38. Rh2 h6 39. Rh1 Rc6 40. Rc1 Bf8 41. c3 Bd6 42. c4 Bxf4 43. exf4 h5 44. gxh5+ Kxh5 45. Ke3 Kg4 46. Rg1+ Kf5 47. Rg5+ Kf6 48. cxd5 exd5 49. Rxd5 Rc3+ 50. Kxe4 Rxb3 51. Re5 Rb1 52. Rf5+ Kg6 53. Rf8 Kg7 54. Rb8 Kf6 55. Rf8+ Kg7 56. Rd8 Kf6 57. Rd6+ Ke7 58. Rh6 Kf7 59. d5 Re1+ 60. Kf5 Rd1 61. Ke5 Ra1 62. Rh7+ Kg8 63. Rxb7 Rxa4 64. d6 Kf8 65. Rh7 Ra1 66. Kf6 Ke8 67. Re7+ Kd8 68. Kf7 a5 69. f5 a4 70. f6 a3 71. Kg8 Rg1+ 72. Rg7 Rxg7+ 73. fxg7 a2 74. Kf7 a1Q 75. g8Q+ Kd7 1/2-1/2